| 000 | 00466cam a2200145 4500500 | ||
|---|---|---|---|
| 005 | 20260208010542.0 | ||
| 041 | _afre | ||
| 042 | _adc | ||
| 100 | 1 | 0 |
_aJuranville, Alain _eauthor |
| 245 | 0 | 0 | _aL'altérité |
| 260 | _c2005. | ||
| 500 | _a49 | ||
| 786 | 0 | _nRevue philosophique de la France et de l'étranger | 130 | 2 | 2005-06-01 | p. 147-147 | 0035-3833 | |
| 856 | 4 | 1 | _uhttps://shs.cairn.info/revue-philosophique-2005-2-page-147?lang=fr&redirect-ssocas=7080 |
| 999 |
_c1657094 _d1657094 |
||